कुमारांचे खेळ (Record no. 402603)

MARC details
000 -LEADER
fixed length control field 00459nam a2200145Ia 4500
008 - FIXED-LENGTH DATA ELEMENTS--GENERAL INFORMATION
fixed length control field 100122s9999 xx 000 0 und d
082 ## - DEWEY DECIMAL CLASSIFICATION NUMBER
Item number 11197
Classification number 796.01922
100 ## - MAIN ENTRY--PERSONAL NAME
Personal name पंडित बाळ ज
245 ## - TITLE STATEMENT
Title कुमारांचे खेळ
260 ## - PUBLICATION, DISTRIBUTION, ETC. (IMPRINT)
Name of publisher, distributor, etc गो.य.राणे प्रकाशन
Date of publication, distribution, etc 1961
300 ## - PHYSICAL DESCRIPTION
Extent 70
630 ## - SUBJECT ADDED ENTRY--UNIFORM TITLE
Uniform title कुमारांचे खेळ
730 ## - ADDED ENTRY--UNIFORM TITLE
Uniform title कुमारांचे खेळ
942 ## - ADDED ENTRY ELEMENTS (KOHA)
Koha item type Book

No items available.